| 000 | 01036nam a22002537a 4500 | ||
|---|---|---|---|
| 003 | OSt | ||
| 005 | 20251017195013.0 | ||
| 008 | 240202b ||||| |||| 00| 0 eng d | ||
| 040 | _c0 | ||
| 082 | _aDPer 621.317 Ie21 January 2022 v. 37 n. 1 | ||
| 100 |
_aBhatnagar, Pallavee. _eauthor. _951231 |
||
| 245 |
_aA switched-capacitors-based 13-level inverter / _cPallavee Bhatnagar, Ankit Kumar Singh, Krishna Kumar Gupta, and Yam P. Siwakoti. |
||
| 260 |
_aNew York ; _bThe Institute of Electrical and Electronics Engineers, Inc. , _cJanuary 2022. |
||
| 300 |
_aVolume 37, pages 644-658 : _billustration ; _c28 cm. |
||
| 500 | _aIEEE Transactions on Power Electronic, v. 37 n. 1, pages 644-658, January 2022. | ||
| 650 | 0 |
_a Capacitors. _965717 |
|
| 650 | 0 |
_aInverters. _965756 |
|
| 650 | 0 |
_aTopology. _965877 |
|
| 700 |
_aBhatnagar, Pallavee. _eauthor. _951231 |
||
| 700 |
_aSingh, Ankit Kumar. _eauthor. _951232 |
||
| 700 |
_aGupta, Krishna Kumar. _eauthor. _951233 |
||
| 700 |
_aSiwakoti, Yam P. _eauthor. _951234 |
||
| 942 |
_2ddc _cPER |
||
| 999 |
_c18881 _d18881 |
||